Statistics for All College Football Playoff Teams

Click here to take the quiz!

General Stats

  • This quiz has been taken 60 times
    (34 since last reset)
  • The average score is 9 of 11

Answer Stats

Years Answer % Correct
2014, 2015, 2016, 2017, 2018Alabama
100%
2015, 2016, 2017, 2018, 2019Clemson
100%
2014, 2016, 2019Ohio State
97%
2019LSU
97%
2015, 2018, 2019Oklahoma
93%
2017Georgia
86%
2014Oregon
86%
2014Florida State
86%
2015Michigan State
69%
2018Notre Dame
66%
2016Washington
62%

Score Distribution

Percentile by Number Answered

Percent of People with Each Score

Your Score History

You have not taken this quiz since the last reset